Регионална библиотека "Любен Каравелов" - Русе

Adel und Untergang (Запис номер 343927)

MARC детайли
000 -Лидер
Контролно поле с фиксирана дължина 00852nam a2200277 c 4500
003 - Код на организацията, давaща контролен номер
Контролно поле BLK
005 - Дата и час на последна редакция
Контролно поле 20190913121253.0
008 - Елементи от данни с фиксирана дължина
fixed length control field 180911b bul|||||r ||||||| ||bul||
010 ## - Наследен системен номер
LC control number 003588
040 ## - Източник на каталожния запис
Идентификатор на билиотеката - собственик на записа BLK
041 ## - Код за език
Код за езика на текст/звукозапис или на отделно заглавие Немски
080 ## - УДК
УДК - код + определител 830-1
100 1# - Редна дума - Автор
Автор WEINHEBER, Josef
Авторска отговорност първи автор
245 00 - Сведения за заглавието
Заглавие Adel und Untergang
246 ## - Различни форми на заглавието
Наименование на поредна част от произведението лирика-стихотворения
260 ## - Област на издателските данни
Място на издаване, разпространение и проч. Munchen
Име на издателя, разпространителя и проч. Albert Langen and Georg Muller
Година на издаване 1937
300 ## - Физическа характеристика
Страници 135 с
Размери/Мащаб 20 см
380 ## - Жанр
Жанр Литературознание
490 ## - СЕРИИ (Колекции)
Име на серия Частна колекция - Академик Михаил Арнаудов
Бележки за серията Дарение - Основен фонд
653 ## - Ключова дума – ненормативна
9 (RLIN)
Ключова дума лирика
653 ## - Ключова дума – ненормативна
9 (RLIN)
Ключова дума стихотворения
655 ## - Ключова дума – жанр/разновидност
Данни за жанр/разновидност или ключова дума за фокус немска литература
700 1# - Други автори (авторска отговорност)
Лично име Josef Weinheber
852 ## - Местоположение
Форматна сигнатура МА 1064
942 ## - АРТИКУЛИ
Вид на библиотечния материал Книги
Скрит в OPAC Не
944 ## - СЪЗДАВАНЕ И РЕДАКЦИЯ на ЗАПИСА
Създаване/Редакция Създаване
Дата на регистрацията/редакция 1996
Служител, извършил регистрацията/редакцията ValK
999 ## - СИСТЕМНИ КОНТРОЛНИ НОМЕРА
Koha biblionumber 343927
Koha biblioitemnumber 343927
Наличности
Код за отписване Код за изгубен артикул Източник на класификационната схема Код за повреда Коз за рестрикции Код за отдаване Артикулен № Име на библиотеката - собственик Име на библиотеката, в която се намира в момента Статус (Текущо местоположение) Местоположение - отдел Цена в лева Номерация (Хронология) Инвентарен номер Систематично азбучна сигнатура Баркод Номер на екземпляра Цена в евро Служебен тип на артикула
  Не е изгубен Universal Decimal Classification Не е повреден без рестрикции Специални фондове ( старопечатни, редки и ценни, фонд М. Арнаудов) 744270 Регионална библиотека "Любен Каравелов" Русе Регионална библиотека "Любен Каравелов" Русе Фонд "Михаил Арнаудов" Фонд "Михаил Арнаудов" 25.00   588246 МА 1064 120000588246 1 12.78 Книги
Vip Innovations Ltd, Rousse, Bulgaria 2025